000 00960cam a2200205 4500
001 X118456
008 020619n2002 000 0 eng u
035 _a(Sirsi) u118456
100 _aWebber, G
245 _aLease renewal claims: Part 56
260 _c2002
490 _aLandlord and Tenant Review
_v6(1) 2002, 13-18(6)
520 _aExplains Part 56 Civil Procedure Rules1998 and its Practice Direction, which came into force15 October 2000. Outlines what needs to be done before lease renewal claim, and choice of venue. Goes on to look at what action needs to be taken by tenant and landlord, and finally considers effect of discontinuance and professional arbitration.
650 _aMANAGEMENT-DISPUTE AVOIDANCE, MANAGEMENT AND RESOLUTION-DISPUTE MANAGEMENT AND RESOLUTION-ARBITRATION
650 _aCIVIL PROCEDURE RULES 1998
650 _aDISCONTINUANCE
650 _aLEASE RENEWAL CLAIMS
690 _aDispute resolution
_96236
942 _n0
999 _c70511
_d70511